00524nam a2200193 a 4500001001300000003000900013005001700022008004100039020001000080082001700090100002200107245006600129260003200195300000900227500003500236505002100271650001600292700002200308nice12345678IN_TiNIC20260116014308.0070321s2005 newa grp 000 0 eng  ac79500a327.174bLAR aLarsen, Jeffrey A aArms Controlb Cooperative Security in a Changing Environment aNew DelhibViva Booksc2005 a412p aincludes index and biblioraphy2 aAppendix-2,Index aDisarmament1 aLarsen, Jeffrey A